000 00572nam a2200217 a 4500
999 _c4656
_d4656
001 4656
003 BD-JhCC
005 20171129200701.0
008 171129s19631973ii b|||| ||a| 001 0 eng d
035 _a(BD-JhCC)4656
040 _aBD-JhCC
_dBD-JhCC
041 _aeng
082 _a934.045
_bTHA 1963
100 _aThapar, Romila
245 _aAsoka and The Decline The Mauryas /
_cThapar, Romila
260 _aDelhi :
_bOxford University Press,
_c1973.
300 _a285 p. :
_c19 cm.
_billu;
650 _aKings and Rulers
_zIndia
942 _2ddc
_cBK